000 00474nam a2200157 4500
001 132139
003 ES-MaACL
005 20230906194119.0
007 t|
008 070214s1912 ag r ||||1| spa d
100 1 _aRojas, Ricardo.
_999058
245 1 0 _aBlasón de plata
_b: meditaciones y evocaciones de Ricardo Rojas sobre el abolengo de los argentinos.
260 _aBuenos Aires :
_bGranada y Co.,
_c1912.
300 _a249 p. ;
_c19 cm.
852 _aES-MaACL
_jD-1356
999 _c132139
_d132139